| 000 | 00891nam a2200253 i 4500 | ||
|---|---|---|---|
| 001 | 12558 | ||
| 003 | KOSZ 005 | ||
| 005 | 20191002090805.0 | ||
| 008 | 070620s1970 pl a f f 000 0 pol | ||
| 015 | _aPB 1970/3739 | ||
| 040 |
_aWA N _cKOSZ 005/ID _dKOSZ 005/ID |
||
| 080 | _a621.791/.795 | ||
| 100 | 1 |
_aPilarczyk, Józef _d(1909-1978). |
|
| 245 | 1 | 0 |
_aKurs spawania elektrycznego w pytaniach i odpowiedziach / _cJózef Pilarczyk. |
| 250 | _aWyd. 11 popr. i uaktualn. | ||
| 260 |
_aWarszawa : _bWydawnictwa Naukowo-Techniczne, _c1970. |
||
| 300 |
_a194, [2] s. : _bil. ; _c18 cm. |
||
| 380 | _aKsiążki. | ||
| 650 | 4 |
_aSpawanie _xelektrotechnika. |
|
| 655 | 4 | _aPodręcznik | |
| 710 | 2 |
_aWydawnictwa Naukowo-Techniczne _4pbl. |
|
| 856 |
_uhttp://koha.tu.koszalin.pl/cgi-bin/koha/opac-detail.pl?biblionumber=12558 _yKatalog online BPK |
||
| 942 |
_2UKD _cKS |
||
| 999 |
_c12558 _d12558 |
||